000 005770000a22001810004500
003 MACL
005 20160423153653.0
008 160423b xxu||||| |||| 00| 0 eng d
040 _aMACL
_cMACL
041 _aHindi
082 _a800 DIN
100 _aराय गोपाल
_953679
245 _aदिनकर व्‍यक्तित्‍व और रचना के आयाम
260 _aनई दिल्‍ली
_bसुहानी बुक्‍स
_c2011
350 _a425
650 _aरचनावली
_9163
942 _cHIN
_k800/DIN
_2ddc
999 _c46177
_d46177